<?xml version="1.0" encoding="UTF-8"?>
<collection xmlns="http://www.loc.gov/MARC21/slim">
 <record>
  <leader>00798nam a2200229   4500</leader>
  <controlfield tag="001">000004894</controlfield>
  <controlfield tag="003">1036</controlfield>
  <controlfield tag="005">20150812140802.0</controlfield>
  <controlfield tag="008">110805s                               sd</controlfield>
  <datafield tag="082" ind1="1" ind2=" ">
   <subfield code="a">839.7</subfield>
   <subfield code="b">LAY</subfield>
  </datafield>
  <datafield tag="100" ind1="0" ind2=" ">
   <subfield code="a">Layerlơp, Xelma</subfield>
  </datafield>
  <datafield tag="245" ind1="0" ind2="0">
   <subfield code="a">Cuộc lữ hành kỳ diệu của Nilx Hôlyerxôn vòng quanh nước Thuỵ Điển</subfield>
   <subfield code="c">Layerlơp, Xelma</subfield>
  </datafield>
  <datafield tag="774" ind1=" " ind2=" ">
   <subfield code="a">Layerlơp, Xelma</subfield>
   <subfield code="b">Tái bản</subfield>
   <subfield code="d">H.</subfield>
   <subfield code="d">Nxb. Hội Nhà văn</subfield>
   <subfield code="d">2003</subfield>
   <subfield code="g">Tập 1</subfield>
   <subfield code="h">302tr : hình vẽ</subfield>
   <subfield code="w">1040</subfield>
  </datafield>
  <datafield tag="774" ind1=" " ind2=" ">
   <subfield code="a">Layerlơp, Xelma</subfield>
   <subfield code="b">Tái bản</subfield>
   <subfield code="d">H.</subfield>
   <subfield code="d">Nxb. Hội Nhà văn</subfield>
   <subfield code="d">2003</subfield>
   <subfield code="g">Tập 2</subfield>
   <subfield code="h">302tr : hình vẽ</subfield>
   <subfield code="w">1041</subfield>
  </datafield>
  <datafield tag="OWN" ind1=" " ind2=" ">
   <subfield code="a">LSP</subfield>
  </datafield>
  <datafield tag="999" ind1=" " ind2=" ">
   <subfield code="a">From the UDN01</subfield>
  </datafield>
  <datafield tag="TYP" ind1=" " ind2=" ">
   <subfield code="a">Monograph</subfield>
  </datafield>
  <datafield tag="TYP" ind1=" " ind2=" ">
   <subfield code="a">Printed language</subfield>
  </datafield>
  <datafield tag="980" ind1=" " ind2=" ">
   <subfield code="a">Mạng thư viện Đại học Đà Nẵng</subfield>
  </datafield>
 </record>
</collection>
